000 00406nam a2200157 i 4500
001 44819
003 ES-MaACL
005 20230906161111.0
007 t|
008 030324s1961 sp ||||1| spa d
100 1 _aClarimon, Carlos.
_939018
245 1 0 _aHombre a solas /
_cCarlos Clarimon.
260 _aMadrid :
_bTaurus,
_c[1961]
300 _a169 p. ;
_c18 cm.
852 _aES-MaACL
_jC-20308
_bR.48243
999 _c44819
_d44819